<?xml version="1.0" encoding="UTF-8"?><?xml-stylesheet type="text/xsl" href="static/style.xsl"?><OAI-PMH xmlns="http://www.openarchives.org/OAI/2.0/" xmlns:xsi="http://www.w3.org/2001/XMLSchema-instance" xsi:schemaLocation="http://www.openarchives.org/OAI/2.0/ http://www.openarchives.org/OAI/2.0/OAI-PMH.xsd"><responseDate>2026-06-29T02:42:08Z</responseDate><request verb="GetRecord" identifier="oai:docta.ucm.es:20.500.14352/54139" metadataPrefix="marc">https://docta.ucm.es/rest/oai/request</request><GetRecord><record><header><identifier>oai:docta.ucm.es:20.500.14352/54139</identifier><datestamp>2023-07-05T01:52:45Z</datestamp><setSpec>com_20.500.14352_14</setSpec><setSpec>col_20.500.14352_20</setSpec></header><metadata><record xmlns="http://www.loc.gov/MARC21/slim" xmlns:dcterms="http://purl.org/dc/terms/" xmlns:xsi="http://www.w3.org/2001/XMLSchema-instance" xmlns:doc="http://www.lyncode.com/xoai" xsi:schemaLocation="http://www.loc.gov/MARC21/slim http://www.loc.gov/standards/marcxml/schema/MARC21slim.xsd">
   <leader>00925njm 22002777a 4500</leader>
   <datafield ind2=" " ind1=" " tag="042">
      <subfield code="a">dc</subfield>
   </datafield>
   <datafield ind2=" " ind1=" " tag="720">
      <subfield code="a">Keefer, Alice</subfield>
      <subfield code="e">author</subfield>
   </datafield>
   <datafield ind2=" " ind1=" " tag="260">
      <subfield code="c">2008-12-11</subfield>
   </datafield>
   <datafield ind2=" " ind1=" " tag="520">
      <subfield code="a">Esta presentación se centra en los tipos de servicios y procedimientos llevados a cabo para fomentar el autoarchivo y otros métodos para aumentar el contenido de los repositorios institucionales. Se exponen diferentes iniciativas, mediante una revisión de las categorías identificadas por dos estudios: uno presentado en el congreso de IFLA de 2006 por los canadienses T. Mark y K. Shearer sobre el reclutamiento de contenido y el otro, por V. Proudman, sobre como poblar los RIs, publicado en la Driver’s Guide to European Repositories. (Amsterdam: Amsterdam University Press, 2008). Explica que las estrategias también dependerán de la misión oficial del RI y comenta las diferencias básicas entre las dos definiciones más citadas: la de R. Crow (2002) y la de C. Lynch (2003). No obstante las diferencias, los responsables del RI tienen que enfocar su actividad en 2 direcciones: hacia los autores y hacia los administradores institucionales. Además de citar casos concretos de universidades británicas y norteamericanas, la presentación concluye con una exposición de estudios recientes, que resaltan la importancia primordial de los metadatos –descriptivos, administrativos y estructurales—tanto para el acceso a los documentos archivados como para su gestión a largo plazo. Por ello es imprescindible el desarrollo de servicios y procedimientos que agilicen la generación de los metadatos para reducir el trabajo de los RIs y, de esta forma, contribuir a su éxito.</subfield>
   </datafield>
   <datafield ind1="8" ind2=" " tag="024">
      <subfield code="a">https://hdl.handle.net/20.500.14352/54139</subfield>
   </datafield>
   <datafield ind1="8" ind2=" " tag="024">
      <subfield code="a">http://www.ucm.es/info/mmedia/complumedia/visor.php?video=sjt2z1uLAhhwGMP76DO8fg</subfield>
   </datafield>
   <datafield ind1="8" ind2=" " tag="024">
      <subfield code="a">http://www.ucm.es/BUCM/biblioteca/26532.php</subfield>
   </datafield>
   <datafield ind2="0" ind1="0" tag="245">
      <subfield code="a">El reclutamiento de contenido para los repositorios institucionales</subfield>
   </datafield>
</record></metadata></record></GetRecord></OAI-PMH>